[Event "World Youth & Cadets Blitz Championships"]
[Site "Rhodes, Greece"]
[Date "2022.05.03"]
[Round "6.3"]
[White "Petrovskyi, Vadym"]
[Black "Trushko, Andrii"]
[Result "1-0"]
[TimeControl "5'/game & 2\"/move"]
[WhiteElo "2400"]
[BlackElo "2222"]

1. e4 {[%clk 00:05:03]} c6 {[%clk 00:05:04]} {[%emt 00:00:01]} 2. d4 {[%clk
00:05:04]} d5 {[%clk 00:05:05]} {[%emt 00:00:01]} 3. Nc3 {[%clk 00:05:05]}
{[%emt 00:00:01]} h5 {[%clk 00:05:05]} {[%emt 00:00:01]} 4. Nf3 {[%clk
00:04:46]} {[%emt 00:00:22]} dxe4 {[%clk 00:05:00]} {[%emt 00:00:07]} 5. Nxe4
{[%clk 00:04:47]} {[%emt 00:00:01]} Bg4 {[%clk 00:05:02]} {[%emt 00:00:01]} 6.
c3 {[%clk 00:04:48]} {[%emt 00:00:01]} e6 {[%clk 00:04:56]} {[%emt 00:00:07]} 7.
Bd3 {[%clk 00:04:49]} {[%emt 00:00:01]} Nd7 {[%clk 00:04:57]} {[%emt 00:00:02]}
8. h3 {[%clk 00:04:50]} Bxf3 {[%clk 00:04:57]} 9. Qxf3 {[%emt 00:00:02]} Ngf6
{[%clk 00:04:57]} 10. Ng5 {[%clk 00:04:52]} Bd6 {[%clk 00:04:56]} {[%emt
00:00:03]} 11. O-O {[%clk 00:04:46]} {[%emt 00:00:08]} O-O {[%clk 00:04:55]}
{[%emt 00:00:03]} 12. Bd2 {[%clk 00:04:20]} {[%emt 00:00:28]} Qc7 {[%clk
00:04:56]} {[%emt 00:00:01]} 13. Rfe1 {[%clk 00:04:18]} {[%emt 00:00:04]} Rad8
{[%clk 00:04:44]} {[%emt 00:00:14]} 14. Ne4 {[%clk 00:03:51]} {[%emt 00:00:29]}
Rfe8 {[%clk 00:03:49]} {[%emt 00:00:58]} 15. Nxf6+ {[%clk 00:03:38]} {[%emt
00:00:14]} Nxf6 {[%clk 00:03:49]} {[%emt 00:00:01]} 16. Bg5 {[%clk 00:03:38]}
{[%emt 00:00:02]} Be7 {[%clk 00:03:45]} {[%emt 00:00:07]} 17. Bxf6 {[%clk
00:03:26]} {[%emt 00:00:14]} Bxf6 {[%clk 00:03:46]} 18. Qxh5 {[%clk 00:03:26]}
{[%emt 00:00:02]} c5 {[%clk 00:03:46]} {[%emt 00:00:03]} 19. Qh7+ {[%clk
00:03:16]} {[%emt 00:00:11]} Kf8 {[%clk 00:03:47]} {[%emt 00:00:01]} 20. Bb5
{[%clk 00:03:18]} cxd4 {[%clk 00:03:20]} {[%emt 00:00:29]} 21. cxd4 {[%clk
00:03:14]} {[%emt 00:00:06]} Bxd4 {[%clk 00:03:18]} {[%emt 00:00:04]} 22. Bxe8
{[%clk 00:03:13]} {[%emt 00:00:03]} Kxe8 {[%clk 00:03:19]} 23. Re2 {[%clk
00:02:47]} {[%emt 00:00:27]} Qb6 {[%clk 00:03:06]} {[%emt 00:00:16]} 24. Qe4
{[%clk 00:02:24]} {[%emt 00:00:24]} Ke7 {[%clk 00:03:00]} {[%emt 00:00:09]} 25.
Rc1 {[%clk 00:02:13]} {[%emt 00:00:12]} Rd7 {[%clk 00:02:54]} {[%emt 00:00:08]}
26. b3 {[%clk 00:02:12]} {[%emt 00:00:04]} Bf6 {[%clk 00:02:28]} {[%emt
00:00:27]} 27. Rec2 {[%clk 00:01:57]} {[%emt 00:00:17]} g6 {[%clk 00:02:25]}
{[%emt 00:00:06]} 28. Qf4 {[%clk 00:01:49]} {[%emt 00:00:07]} g5 {[%clk
00:01:40]} {[%emt 00:00:50]} 29. Qe4 {[%clk 00:01:46]} {[%emt 00:00:04]} Bd4
{[%clk 00:01:32]} {[%emt 00:00:11]} 30. Qf3 {[%clk 00:01:24]} {[%emt 00:00:24]}
Be5 {[%clk 00:01:24]} {[%emt 00:00:10]} 31. g3 {[%clk 00:01:16]} {[%emt
00:00:09]} f5 {[%clk 00:01:13]} {[%emt 00:00:13]} 32. Kg2 {[%clk 00:01:06]}
{[%emt 00:00:12]} Kf6 {[%clk 00:01:09]} {[%emt 00:00:07]} 33. Rd1 {[%clk
00:01:03]} {[%emt 00:00:05]} Bd4 {[%clk 00:01:06]} {[%emt 00:00:06]} 34. Qh5
{[%clk 00:01:01]} {[%emt 00:00:03]} Qd6 {[%clk 00:00:30]} {[%emt 00:00:38]} 35.
Qh6+ {[%clk 00:00:48]} {[%emt 00:00:15]} Kf7 {[%clk 00:00:31]} 36. Qh5+ {[%clk
00:00:37]} {[%emt 00:00:13]} Kf6 {[%clk 00:00:32]} 37. Rcd2 {[%clk 00:00:35]}
{[%emt 00:00:04]} e5 {[%clk 00:00:22]} {[%emt 00:00:12]} 38. Qh6+ {[%clk
00:00:29]} {[%emt 00:00:07]} Kf7 {[%clk 00:00:24]} 39. Qxd6 {[%clk 00:00:18]}
{[%emt 00:00:13]} Rxd6 {[%clk 00:00:25]} 40. Rc2 {[%clk 00:00:19]} {[%emt
00:00:02]} Rd7 {[%clk 00:00:24]} {[%emt 00:00:02]} 41. f4 {[%clk 00:00:14]}
{[%emt 00:00:07]} gxf4 {[%clk 00:00:25]} {[%emt 00:00:01]} 42. gxf4 {[%clk
00:00:15]} Ke6 {[%clk 00:00:27]} 43. fxe5 {[%clk 00:00:16]} {[%emt 00:00:02]}
Rg7+ {[%clk 00:00:28]} 44. Kf3 {[%clk 00:00:16]} {[%emt 00:00:02]} Bxe5 {[%clk
00:00:29]} {[%emt 00:00:01]} 45. Rg2 {[%clk 00:00:16]} {[%emt 00:00:02]} Rh7
{[%clk 00:00:30]} {[%emt 00:00:02]} 46. Rh1 {[%clk 00:00:15]} {[%emt 00:00:02]}
Rh4 {[%clk 00:00:29]} {[%emt 00:00:03]} 47. Re2 {[%clk 00:00:13]} {[%emt
00:00:04]} Kf6 {[%clk 00:00:29]} {[%emt 00:00:02]} 48. Kg2 {[%clk 00:00:14]}
{[%emt 00:00:01]} Rh6 {[%clk 00:00:20]} {[%emt 00:00:11]} 49. Rhe1 {[%clk
00:00:15]} {[%emt 00:00:01]} Rg6+ {[%clk 00:00:21]} 50. Kf1 {[%clk 00:00:15]}
Bd4 {[%clk 00:00:12]} {[%emt 00:00:13]} 51. Re6+ {[%clk 00:00:16]} Kf7 {[%clk
00:00:14]} 52. Rxg6 {[%clk 00:00:17]} {[%emt 00:00:01]} Kxg6 {[%clk 00:00:15]}
{[%emt 00:00:01]} 53. Re7 {[%clk 00:00:18]} b5 {[%clk 00:00:15]} {[%emt
00:00:02]} 54. Rb7 {[%clk 00:00:17]} {[%emt 00:00:02]} Bb6 {[%clk 00:00:16]}
{[%emt 00:00:02]} 55. Kg2 {[%clk 00:00:16]} {[%emt 00:00:02]} Kg5 {[%clk
00:00:17]} {[%emt 00:00:01]} 56. Kf3 {[%clk 00:00:17]} {[%emt 00:00:02]} b4
{[%clk 00:00:15]} {[%emt 00:00:04]} 57. Rg7+ {[%clk 00:00:16]} {[%emt
00:00:02]} Kf6 {[%clk 00:00:16]} {[%emt 00:00:02]} 58. Rg2 {[%clk 00:00:17]}
{[%emt 00:00:01]} Ke5 {[%clk 00:00:17]} {[%emt 00:00:02]} 59. h4 {[%clk
00:00:18]} Bc5 {[%clk 00:00:08]} {[%emt 00:00:10]} 60. h5 {[%clk 00:00:19]} Bf8
{[%clk 00:00:10]} 61. Rg6 {[%clk 00:00:19]} {[%emt 00:00:02]} f4 {[%clk
00:00:07]} {[%emt 00:00:04]} 62. h6 {[%clk 00:00:20]} Kf5 {[%clk 00:00:08]}
{[%emt 00:00:01]} 63. h7 {[%clk 00:00:20]} {[%emt 00:00:02]} Bg7 {[%clk
00:00:09]} {[%emt 00:00:01]} 64. Rxg7 {[%clk 00:00:21]} 1-0

[Event "World Youth & Cadets Blitz Championships"]
[Site "Rhodes, Greece"]
[Date "2022.05.03"]
[Round "6.4"]
[White "Nareks, Matic"]
[Black "Borrmann, Laurenz"]
[Result "1-0"]
[TimeControl "5'/game & 2\"/move"]
[WhiteElo "2147"]
[BlackElo "1990"]

1. d4 {[%clk 00:05:03]} Nf6 {[%clk 00:05:00]} {[%emt 00:00:05]} 2. Bf4 {[%clk
00:05:04]} {[%emt 00:00:01]} d5 {[%clk 00:04:59]} {[%emt 00:00:03]} 3. Nc3
{[%clk 00:05:04]} c5 {[%clk 00:04:51]} {[%emt 00:00:09]} 4. e3 {[%clk
00:05:05]} {[%emt 00:00:02]} cxd4 {[%clk 00:04:51]} {[%emt 00:00:03]} 5. exd4
{[%clk 00:05:06]} a6 {[%clk 00:04:49]} {[%emt 00:00:04]} 6. Nf3 {[%clk
00:05:06]} {[%emt 00:00:02]} Nc6 {[%clk 00:04:48]} {[%emt 00:00:04]} 7. Be2
{[%clk 00:05:03]} {[%emt 00:00:04]} g6 {[%clk 00:04:42]} {[%emt 00:00:08]} 8.
O-O {[%clk 00:05:01]} {[%emt 00:00:04]} Bg7 {[%clk 00:04:43]} {[%emt 00:00:02]}
9. Ne5 {[%clk 00:05:01]} {[%emt 00:00:02]} O-O {[%clk 00:04:40]} {[%emt
00:00:05]} 10. Re1 {[%clk 00:04:57]} {[%emt 00:00:06]} Be6 {[%clk 00:04:05]}
{[%emt 00:00:36]} 11. Nxc6 {[%clk 00:04:55]} {[%emt 00:00:05]} bxc6 {[%clk
00:04:06]} 12. Na4 {[%clk 00:04:56]} {[%emt 00:00:01]} Nd7 {[%clk 00:04:04]}
{[%emt 00:00:04]} 13. c3 {[%clk 00:04:47]} {[%emt 00:00:10]} Qa5 {[%clk
00:03:44]} {[%emt 00:00:21]} 14. b4 {[%clk 00:04:42]} {[%emt 00:00:08]} Qd8
{[%clk 00:03:44]} {[%emt 00:00:02]} 15. Nb2 {[%clk 00:04:42]} {[%emt 00:00:02]}
Bf5 {[%clk 00:03:32]} {[%emt 00:00:14]} 16. a4 {[%clk 00:04:40]} {[%emt
00:00:05]} Qb6 {[%clk 00:03:14]} {[%emt 00:00:19]} 17. a5 {[%clk 00:04:39]}
{[%emt 00:00:03]} Qb7 {[%clk 00:03:14]} {[%emt 00:00:01]} 18. Nd3 {[%clk
00:04:29]} {[%emt 00:00:13]} Rfe8 {[%clk 00:03:08]} {[%emt 00:00:08]} 19. Bf1
{[%clk 00:04:28]} {[%emt 00:00:03]} Bxd3 {[%clk 00:02:58]} {[%emt 00:00:13]} 20.
Qxd3 {[%clk 00:04:27]} {[%emt 00:00:02]} e5 {[%clk 00:02:57]} {[%emt 00:00:03]}
21. dxe5 {[%clk 00:04:28]} {[%emt 00:00:01]} Nxe5 {[%clk 00:02:58]} {[%emt
00:00:02]} 22. Qg3 {[%clk 00:04:22]} {[%emt 00:00:07]} Nc4 {[%clk 00:02:49]}
{[%emt 00:00:12]} 23. Rad1 {[%clk 00:04:10]} {[%emt 00:00:14]} Rad8 {[%clk
00:02:10]} {[%emt 00:00:40]} 24. h4 {[%clk 00:03:49]} {[%emt 00:00:24]} h5
{[%clk 00:02:03]} {[%emt 00:00:09]} 25. Bg5 {[%clk 00:03:48]} {[%emt 00:00:03]}
Rc8 {[%clk 00:01:56]} {[%emt 00:00:09]} 26. Qf3 {[%clk 00:03:45]} {[%emt
00:00:05]} Nb2 {[%clk 00:01:34]} {[%emt 00:00:23]} 27. Rb1 {[%clk 00:03:35]}
{[%emt 00:00:13]} Na4 {[%clk 00:01:33]} {[%emt 00:00:03]} 28. Bf6 {[%clk
00:03:33]} {[%emt 00:00:04]} Rb8 {[%clk 00:01:16]} {[%emt 00:00:19]} 29. Rbd1
{[%clk 00:03:27]} {[%emt 00:00:08]} Nb2 {[%clk 00:01:07]} {[%emt 00:00:10]} 30.
Rb1 {[%clk 00:03:22]} {[%emt 00:00:08]} Na4 {[%clk 00:01:07]} {[%emt 00:00:02]}
31. Bxg7 {[%clk 00:03:19]} {[%emt 00:00:04]} Kxg7 {[%clk 00:01:07]} {[%emt
00:00:03]} 32. Qd3 {[%clk 00:03:19]} {[%emt 00:00:01]} Rxe1 {[%clk 00:00:52]}
{[%emt 00:00:17]} 33. Rxe1 {[%clk 00:03:20]} Qa7 {[%clk 00:00:48]} {[%emt
00:00:06]} 34. Qc2 {[%clk 00:03:15]} {[%emt 00:00:08]} Nc5 {[%clk 00:00:40]}
{[%emt 00:00:10]} 35. bxc5 {[%clk 00:03:15]} {[%emt 00:00:02]} Qxc5 {[%clk
00:00:39]} {[%emt 00:00:02]} 36. Ra1 {[%clk 00:02:57]} {[%emt 00:00:20]} d4
{[%clk 00:00:39]} {[%emt 00:00:02]} 37. Rc1 {[%clk 00:02:36]} {[%emt 00:00:23]}
Qxa5 {[%clk 00:00:20]} {[%emt 00:00:21]} 38. cxd4 {[%clk 00:02:36]} {[%emt
00:00:02]} Qd5 {[%clk 00:00:15]} {[%emt 00:00:07]} 39. Qc3 {[%clk 00:02:25]}
{[%emt 00:00:13]} a5 {[%clk 00:00:12]} {[%emt 00:00:05]} 40. Bc4 {[%clk
00:02:17]} {[%emt 00:00:10]} Qd6 {[%clk 00:00:05]} {[%emt 00:00:09]} 41. d5+
{[%clk 00:02:13]} {[%emt 00:00:07]} Kh6 {[%clk 00:00:04]} {[%emt 00:00:03]} 42.
dxc6 {[%clk 00:02:09]} {[%emt 00:00:05]} Qxc6 {[%clk 00:00:04]} {[%emt
00:00:03]} 43. Qe3+ {[%clk 00:02:09]} {[%emt 00:00:02]} Kh7 {[%clk 00:00:04]}
{[%emt 00:00:02]} 44. Bxf7 {[%clk 00:02:07]} {[%emt 00:00:03]} Qf6 {[%clk
00:00:04]} {[%emt 00:00:03]} 45. Bxg6+ {[%clk 00:01:42]} {[%emt 00:00:27]} Qxg6
{[%clk 00:00:00]} {[%emt 00:00:03]} 46. Qa7+ {[%clk 00:01:42]} {[%emt
00:00:02]} 1-0

[Event "World Youth & Cadets Blitz Championships"]
[Site "Rhodes, Greece"]
[Date "2022.05.03"]
[Round "6.5"]
[White "Rakhmatullaev, Almas"]
[Black "Chyzy, Jakub"]
[Result "0-1"]
[TimeControl "5'/game & 2\"/move"]
[WhiteElo "1956"]
[BlackElo "2002"]

1. e4 {[%clk 00:05:03]} {[%emt 00:01:32]} Nf6 {[%clk 00:05:04]} 2. e5 {[%clk
00:04:59]} {[%emt 00:00:06]} Nd5 {[%clk 00:05:04]} {[%emt 00:00:02]} 3. d4
{[%clk 00:05:00]} d6 {[%clk 00:05:06]} {[%emt 00:00:01]} 4. Nf3 {[%clk
00:05:01]} Bg4 {[%clk 00:05:07]} {[%emt 00:00:02]} 5. h3 {[%clk 00:04:30]}
{[%emt 00:00:33]} Bxf3 {[%clk 00:05:03]} {[%emt 00:00:06]} 6. Qxf3 {[%clk
00:04:30]} {[%emt 00:00:01]} dxe5 {[%clk 00:05:02]} {[%emt 00:00:03]} 7. dxe5
{[%clk 00:04:26]} {[%emt 00:00:06]} e6 {[%clk 00:04:49]} {[%emt 00:00:15]} 8.
Bc4 {[%clk 00:04:00]} {[%emt 00:00:29]} Nc6 {[%clk 00:04:27]} {[%emt 00:00:23]}
9. Qe4 {[%clk 00:03:57]} {[%emt 00:00:05]} Nb6 {[%clk 00:03:06]} {[%emt
00:01:23]} 10. Bb5 {[%clk 00:03:48]} {[%emt 00:00:11]} Qd5 {[%clk 00:03:07]} 11.
Qxd5 {[%clk 00:03:45]} {[%emt 00:00:05]} exd5 {[%clk 00:03:05]} {[%emt
00:00:05]} 12. O-O {[%clk 00:03:27]} {[%emt 00:00:20]} O-O-O {[%clk 00:03:02]}
{[%emt 00:00:05]} 13. f4 {[%clk 00:03:05]} {[%emt 00:00:24]} Bc5+ {[%clk
00:02:48]} {[%emt 00:00:15]} 14. Kh2 {[%clk 00:03:02]} {[%emt 00:00:05]} Nb4
{[%clk 00:02:32]} {[%emt 00:00:18]} 15. Bd3 {[%clk 00:02:32]} {[%emt 00:00:32]}
Nxd3 {[%clk 00:02:07]} {[%emt 00:00:27]} 16. cxd3 {[%clk 00:02:33]} {[%emt
00:00:01]} d4 {[%clk 00:02:05]} {[%emt 00:00:04]} 17. Nd2 {[%clk 00:02:33]}
{[%emt 00:00:02]} Nd5 {[%clk 00:02:07]} {[%emt 00:00:01]} 18. Ne4 {[%clk
00:02:30]} {[%emt 00:00:05]} Bb6 {[%clk 00:02:07]} {[%emt 00:00:02]} 19. Bd2
{[%clk 00:02:22]} {[%emt 00:00:09]} f6 {[%clk 00:01:48]} {[%emt 00:00:21]} 20.
exf6 {[%clk 00:01:38]} {[%emt 00:00:47]} gxf6 {[%clk 00:01:47]} {[%emt
00:00:03]} 21. a4 {[%clk 00:01:39]} {[%emt 00:00:01]} a5 {[%clk 00:01:35]}
{[%emt 00:00:13]} 22. Rac1 {[%clk 00:01:31]} {[%emt 00:00:10]} Rhg8 {[%clk
00:01:24]} {[%emt 00:00:14]} 23. g4 {[%clk 00:01:22]} {[%emt 00:00:10]} Ne3
{[%clk 00:00:24]} {[%emt 00:01:02]} 24. Nxf6 {[%clk 00:01:12]} {[%emt
00:00:13]} Nxf1+ {[%clk 00:00:20]} {[%emt 00:00:05]} 25. Rxf1 {[%clk 00:01:13]}
{[%emt 00:00:01]} Rg6 {[%clk 00:00:19]} {[%emt 00:00:04]} 26. Ne4 {[%clk
00:00:49]} {[%emt 00:00:25]} Rc6 {[%clk 00:00:16]} {[%emt 00:00:05]} 27. Rc1
{[%clk 00:00:24]} {[%emt 00:00:27]} Rxc1 {[%clk 00:00:16]} {[%emt 00:00:02]} 28.
Bxc1 {[%clk 00:00:26]} c5 {[%clk 00:00:17]} {[%emt 00:00:02]} 29. b3 {[%clk
00:00:26]} {[%emt 00:00:02]} Kd7 {[%clk 00:00:09]} {[%emt 00:00:10]} 30. Kg2
{[%clk 00:00:19]} {[%emt 00:00:09]} Kc6 {[%clk 00:00:08]} {[%emt 00:00:04]} 31.
f5 {[%clk 00:00:15]} {[%emt 00:00:05]} Bc7 {[%clk 00:00:08]} {[%emt 00:00:02]}
32. Ng5 {[%clk 00:00:11]} {[%emt 00:00:05]} b5 {[%clk 00:00:08]} {[%emt
00:00:03]} 33. f6 {[%clk 00:00:05]} {[%emt 00:00:09]} bxa4 {[%clk 00:00:06]}
{[%emt 00:00:03]} 34. bxa4 {[%clk 00:00:06]} Be5 {[%clk 00:00:04]} {[%emt
00:00:05]} 35. f7 {[%clk 00:00:04]} {[%emt 00:00:04]} Bd6 {[%clk 00:00:03]}
{[%emt 00:00:03]} 36. Nxh7 {[%clk 00:00:04]} {[%emt 00:00:01]} Kd5 {[%emt
00:00:02]} 37. Bh6 {[%clk 00:00:05]} c4 {[%clk 00:00:05]} 38. dxc4+ {[%clk
00:00:06]} Kxc4 {[%clk 00:00:05]} {[%emt 00:00:01]} 39. f8=Q {[%emt 00:00:02]}
Bxf8 {[%clk 00:00:06]} 40. Nxf8 {[%clk 00:00:08]} {[%emt 00:00:01]} d3 {[%clk
00:00:07]} 41. Ne6 {[%clk 00:00:04]} {[%emt 00:00:06]} d2 {[%clk 00:00:09]} 42.
Bxd2 {[%clk 00:00:05]} {[%emt 00:00:02]} Rxd2+ {[%clk 00:00:10]} {[%emt
00:00:01]} 43. Kf3 {[%clk 00:00:06]} {[%emt 00:00:01]} Ra2 {[%clk 00:00:10]} 44.
g5 {[%clk 00:00:06]} {[%emt 00:00:03]} Kd5 {[%clk 00:00:11]} 45. Nf4+ {[%clk
00:00:05]} {[%emt 00:00:03]} Ke5 {[%clk 00:00:10]} {[%emt 00:00:03]} 46. g6
{[%clk 00:00:04]} {[%emt 00:00:02]} Kf6 {[%clk 00:00:10]} {[%emt 00:00:03]} 47.
h4 {[%clk 00:00:05]} {[%emt 00:00:01]} Rxa4 {[%clk 00:00:12]} {[%emt 00:00:01]}
48. h5 {[%clk 00:00:06]} Rxf4+ {[%clk 00:00:12]} {[%emt 00:00:01]} 49. Kxf4
{[%clk 00:00:06]} {[%emt 00:00:03]} a4 {[%clk 00:00:14]} 50. Ke4 {[%clk
00:00:03]} {[%emt 00:00:04]} a3 51. Kd3 a2 {[%clk 00:00:16]} {[%emt 00:00:01]}
0-1

[Event "World Youth & Cadets Blitz Championships"]
[Site "Rhodes, Greece"]
[Date "2022.05.03"]
[Round "6.6"]
[White "Laux, Dominik"]
[Black "Andreev, Konstantin"]
[Result "1/2-1/2"]
[TimeControl "5'/game & 2\"/move"]
[WhiteElo "2231"]
[BlackElo "1939"]

1. d4 {[%clk 00:05:00]} {[%emt 00:00:03]} d5 {[%clk 00:05:01]} {[%emt
00:00:03]} 2. Bf4 {[%clk 00:05:01]} {[%emt 00:00:02]} Nf6 {[%clk 00:05:01]}
{[%emt 00:00:02]} 3. e3 {[%clk 00:05:02]} {[%emt 00:00:01]} c5 {[%clk
00:05:01]} {[%emt 00:00:02]} 4. Nc3 {[%clk 00:04:52]} {[%emt 00:00:11]} a6
{[%clk 00:05:02]} {[%emt 00:00:02]} 5. dxc5 {[%clk 00:04:48]} {[%emt 00:00:05]}
Qa5 {[%clk 00:04:56]} {[%emt 00:00:08]} 6. Nf3 {[%clk 00:04:02]} {[%emt
00:00:49]} Qxc5 {[%clk 00:04:45]} {[%emt 00:00:13]} 7. Bd3 {[%clk 00:03:50]}
{[%emt 00:00:14]} e6 {[%clk 00:04:36]} {[%emt 00:00:10]} 8. O-O {[%clk
00:03:41]} {[%emt 00:00:11]} Be7 {[%clk 00:04:07]} {[%emt 00:00:31]} 9. e4
{[%clk 00:03:08]} {[%emt 00:00:37]} dxe4 {[%clk 00:03:54]} {[%emt 00:00:14]} 10.
Nxe4 {[%clk 00:03:06]} {[%emt 00:00:04]} Nxe4 {[%clk 00:03:50]} {[%emt
00:00:06]} 11. Bxe4 {[%clk 00:03:06]} {[%emt 00:00:02]} O-O {[%clk 00:03:37]}
{[%emt 00:00:14]} 12. Qe2 {[%clk 00:02:47]} {[%emt 00:00:22]} Nd7 {[%clk
00:03:12]} {[%emt 00:00:27]} 13. Rfd1 {[%clk 00:02:04]} {[%emt 00:00:45]} Nf6
{[%clk 00:03:11]} {[%emt 00:00:03]} 14. Bd3 {[%clk 00:02:05]} {[%emt 00:00:01]}
b6 {[%clk 00:03:07]} {[%emt 00:00:06]} 15. c3 {[%clk 00:01:42]} {[%emt
00:00:26]} Bb7 {[%clk 00:03:02]} {[%emt 00:00:06]} 16. h3 {[%clk 00:01:28]}
{[%emt 00:00:16]} Qc6 {[%clk 00:03:03]} {[%emt 00:00:01]} 17. Rd2 {[%clk
00:01:21]} {[%emt 00:00:09]} Rfd8 {[%clk 00:03:00]} {[%emt 00:00:04]} 18. Rad1
{[%clk 00:01:21]} {[%emt 00:00:03]} h6 {[%clk 00:02:50]} {[%emt 00:00:12]} 19.
Qf1 {[%clk 00:01:19]} {[%emt 00:00:03]} Qa4 {[%clk 00:02:36]} {[%emt 00:00:15]}
20. Bc7 {[%clk 00:01:11]} {[%emt 00:00:11]} Rdc8 {[%clk 00:02:25]} {[%emt
00:00:14]} 21. Bxb6 {[%clk 00:01:09]} {[%emt 00:00:04]} Bxf3 {[%clk 00:02:23]}
{[%emt 00:00:04]} 22. gxf3 {[%clk 00:01:10]} {[%emt 00:00:01]} Qxa2 {[%clk
00:01:55]} {[%emt 00:00:29]} 23. Bd4 {[%clk 00:01:10]} {[%emt 00:00:03]} Qa5
{[%clk 00:01:45]} {[%emt 00:00:12]} 24. Qg2 {[%clk 00:00:55]} {[%emt 00:00:17]}
e5 {[%clk 00:01:38]} {[%emt 00:00:10]} 25. Be3 {[%clk 00:00:54]} {[%emt
00:00:02]} Kh8 {[%clk 00:01:36]} {[%emt 00:00:04]} 26. Bf5 {[%clk 00:00:49]}
{[%emt 00:00:07]} Rd8 {[%clk 00:01:33]} {[%emt 00:00:05]} 27. Qf1 {[%clk
00:00:31]} {[%emt 00:00:19]} Rxd2 {[%clk 00:01:09]} {[%emt 00:00:27]} 28. Rxd2
{[%clk 00:00:32]} g6 {[%clk 00:01:04]} {[%emt 00:00:07]} 29. Bc2 {[%clk
00:00:23]} {[%emt 00:00:11]} Kg7 {[%clk 00:01:05]} {[%emt 00:00:01]} 30. Qc4
{[%clk 00:00:21]} {[%emt 00:00:04]} Qb5 {[%clk 00:00:55]} {[%emt 00:00:11]} 31.
Qc7 {[%clk 00:00:19]} {[%emt 00:00:06]} Bf8 {[%clk 00:00:33]} {[%emt 00:00:23]}
32. Bd3 {[%clk 00:00:19]} {[%emt 00:00:02]} Qb8 {[%clk 00:00:32]} {[%emt
00:00:03]} 33. Qxb8 {[%clk 00:00:18]} {[%emt 00:00:03]} Rxb8 {[%clk 00:00:33]}
34. Bxa6 {[%clk 00:00:19]} {[%emt 00:00:01]} e4 {[%clk 00:00:27]} {[%emt
00:00:07]} 35. Kg2 {[%clk 00:00:15]} {[%emt 00:00:06]} Be7 {[%clk 00:00:12]}
{[%emt 00:00:17]} 36. b4 {[%clk 00:00:16]} {[%emt 00:00:01]} exf3+ {[%clk
00:00:06]} {[%emt 00:00:09]} 37. Kxf3 {[%clk 00:00:17]} {[%emt 00:00:01]} Ne8
{[%clk 00:00:04]} {[%emt 00:00:03]} 38. Rd7 {[%clk 00:00:06]} {[%emt 00:00:13]}
Kf8 {[%clk 00:00:03]} {[%emt 00:00:03]} 39. b5 {[%clk 00:00:05]} {[%emt
00:00:03]} Nf6 {[%clk 00:00:04]} 40. Rc7 {[%clk 00:00:05]} {[%emt 00:00:02]}
Bd8 {[%clk 00:00:05]} {[%emt 00:00:01]} 41. Rc6 {[%clk 00:00:06]} Nd7 {[%clk
00:00:05]} {[%emt 00:00:02]} 42. Ke4 {[%clk 00:00:06]} {[%emt 00:00:02]} Ke7
{[%clk 00:00:06]} 43. c4 {[%clk 00:00:07]} {[%emt 00:00:01]} Nf6+ {[%clk
00:00:06]} {[%emt 00:00:03]} 44. Kd3 {[%clk 00:00:07]} Nd7 {[%clk 00:00:07]}
{[%emt 00:00:01]} 45. Ba7 {[%clk 00:00:05]} {[%emt 00:00:04]} Ne5+ {[%emt
00:00:01]} 46. Ke4 {[%clk 00:00:05]} {[%emt 00:00:01]} Nxc6 {[%clk 00:00:10]}
47. bxc6 {[%clk 00:00:05]} {[%emt 00:00:03]} Ra8 {[%clk 00:00:11]} 48. Bc5+
{[%clk 00:00:05]} Ke6 {[%emt 00:00:02]} 49. Bb7 {[%clk 00:00:06]} Ra4 {[%clk
00:00:10]} {[%emt 00:00:04]} 50. Bc8+ {[%clk 00:00:06]} {[%emt 00:00:01]} Kf6
{[%clk 00:00:12]} 51. Kd5 {[%clk 00:00:08]} {[%emt 00:00:01]} Bc7 {[%clk
00:00:12]} {[%emt 00:00:02]} 52. Bd6 {[%clk 00:00:05]} {[%emt 00:00:04]} Bxd6
{[%clk 00:00:13]} {[%emt 00:00:01]} 53. Kxd6 {[%clk 00:00:06]} {[%emt
00:00:01]} Rxc4 {[%clk 00:00:14]} {[%emt 00:00:01]} 54. c7 {[%clk 00:00:08]}
Rc1 {[%clk 00:00:10]} {[%emt 00:00:05]} 55. Bb7 {[%clk 00:00:06]} {[%emt
00:00:04]} Rd1+ {[%clk 00:00:09]} {[%emt 00:00:03]} 56. Kc5 {[%clk 00:00:07]}
Rc1+ {[%clk 00:00:10]} {[%emt 00:00:02]} 57. Kb6 {[%clk 00:00:08]} Kf5 {[%clk
00:00:06]} {[%emt 00:00:06]} 58. c8=Q+ {[%emt 00:00:02]} Rxc8 {[%clk 00:00:07]}
59. Bxc8+ {[%clk 00:00:09]} {[%emt 00:00:01]} Kf4 {[%clk 00:00:09]} 60. Bb7
{[%clk 00:00:09]} {[%emt 00:00:01]} g5 {[%clk 00:00:09]} {[%emt 00:00:02]} 61.
Kc5 {[%clk 00:00:10]} {[%emt 00:00:01]} f5 {[%clk 00:00:10]} {[%emt 00:00:02]}
62. Kd4 {[%clk 00:00:09]} {[%emt 00:00:02]} g4 {[%clk 00:00:11]} {[%emt
00:00:01]} 63. hxg4 {[%clk 00:00:07]} {[%emt 00:00:05]} fxg4 {[%clk 00:00:11]}
64. Kd3 {[%clk 00:00:08]} g3 {[%clk 00:00:09]} {[%emt 00:00:04]} 65. fxg3+
{[%clk 00:00:07]} {[%emt 00:00:03]} Kxg3 {[%clk 00:00:10]} {[%emt 00:00:02]} 66.
Kd4 {[%emt 00:00:14]} 1/2-1/2